| 000 | 01023cam a2200301 a 4500 | ||
|---|---|---|---|
| 001 | 3439 | ||
| 003 | FISKH | ||
| 005 | 20240305155033.0 | ||
| 008 | 850308s1986 caua b 001 0 eng | ||
| 010 | _a 85060874 | ||
| 020 | _a0155037633 | ||
| 040 |
_aDLC _cDLC _dDLC _beng |
||
| 050 | 0 | 0 |
_aN5300 _b.G25 1986 |
| 082 | 0 | 0 |
_a709 _219 |
| 100 | 1 |
_aGardner, Helen, _d1878-1946. |
|
| 245 | 1 | 0 |
_aArt through the ages : _bEight edition II renaissance and modern art / _cHorst de la Croix, Richard G. Tansey |
| 260 |
_aSan Diego : _bHarcourt Brace Jovanovich, _c1986. |
||
| 300 |
_a1008 pages : _bcolor illustrations ; _c28 cm |
||
| 500 | _aCover title: Art through the ages. | ||
| 500 | _aIncludes index. | ||
| 504 | _aBibliography: p. 984-991. | ||
| 520 | _aA standard adult history of art that has often been revised since its first publication in 1926. | ||
| 650 | 0 |
_aArt _xHistory. |
|
| 740 | 0 | _aArt through the ages. | |
| 906 |
_a7 _bcbc _corignew _d2 _eopcn _f19 _gy-gencatlg |
||
| 942 |
_2ddc _cBK _n0 |
||
| 999 |
_c3439 _d3439 |
||